Informatika I zbierka úloh
Gespeichert in:
| 1. Verfasser: | |
|---|---|
| Körperschaft: | |
| Weitere Verfasser: | , , , , , , |
| Format: | Buch |
| Sprache: | Slowakisch |
| Veröffentlicht: |
Bratislava
Vydavateľstvo EKONÓM
2018
|
| Ausgabe: | 1. vydanie |
| Schlagworte: | |
| Tags: |
Keine Tags, Fügen Sie das erste Tag hinzu!
|
MARC
| LEADER | 00000nam a2200000 4500 | ||
|---|---|---|---|
| 001 | 0250760 | ||
| 005 | 20240502074024.1 | ||
| 020 | |a 978-80-225-4573-0 | ||
| 041 | 0 | |a slo | |
| 044 | |a SK | ||
| 245 | 1 | 0 | |a Informatika I |b zbierka úloh |c Anita Romanová a kolektív ; recenzenti: Mojmír Kokles, Rastislav Šupšák |
| 250 | |a 1. vydanie | ||
| 264 | 1 | |a Bratislava |b Vydavateľstvo EKONÓM |c 2018 | |
| 300 | |a 237 s. [21,02 AH] | ||
| 610 | 2 | 0 | |a informatika |
| 610 | 2 | 0 | |a systémy operačné |
| 610 | 2 | 0 | |a jazyky programovacie |
| 610 | 2 | 0 | |a softvér |
| 610 | 2 | 0 | |a procesory tabuľkové |
| 610 | 2 | 0 | |a Windows 10 |
| 610 | 2 | 0 | |a MS Word 2016 |
| 610 | 2 | 0 | |a MS Excel 2016 |
| 100 | 1 | |a Romanová, Anita, 1973- | |
| 700 | 1 | |a Beláňová, Benita, 1973- | |
| 700 | 1 | |a Filanová, Jana, 1967- | |
| 700 | 1 | |a Hamranová, Anna, 1957- | |
| 700 | 1 | |a Korček, František | |
| 700 | 1 | |a Töröková, Anikó, 1963- | |
| 700 | 1 | |a Kokles, Mojmír | |
| 700 | 1 | |a Šupšák, Rastislav, 1988- | |
| 710 | 2 | |a Ekonomická univerzita v Bratislave. Fakulta podnikového manažmentu | |